Moteurs BMW - Statistiques

Statistiques générales
  • Ce quiz a été pris 274 fois
  • Le résultat moyen est 4 sur 16
Statistiques - réponses
Par images Réponse % Correct
M57
64%
N47
64%
N57
51%
N54
44%
S55
37%
M54
34%
S85
33%
S65
32%
B47
21%
M51
13%
B38
9%
M67
8%
S68
8%
N20
7%
N62
7%
N74
4%
Aucun quiz correspondant
Distribution des résultats
% des personnes avec chaque résultat
Percentile par nombre de réponses
Votre historique - résultats
Vous n’avez pas pris ce quiz